000 00512nam a2200145 4500
999 _c15492
_d15492
008 200527b ||||| |||| 00| 0 eng d
022 _a2094-8042
082 _aDPer 370.105 M72 June 2010-Mar 2011 v. 59 n. 1-10
100 _aGonzales, Estrella E.
_942222
245 _aSan Mateo welcomes world thinking day celebration/
_cEstrella E. Gonzales.
260 _aPhilippines:
_bIn the Grade School, Inc.,
_cc2010-2011.
300 _av59 n5, page 206;
_c28 cm.
650 _aSchools
_942161
_xEvent.
942 _2ddc
_cPER